[Event "Leiden SB-chB"]
[Site "Leiden"]
[Date "2014.06.17"]
[Round "6"]
[White "Warmenhoven, Piet"]
[Black "Uittenbogaard, Rob"]
[Result "0-1"]
[WhiteElo "1527"]
[BlackElo "1600"]
[PlyCount "48"]
[EventDate "2014.05.13"]
[EventType "swiss"]
[EventRounds "7"]
[EventCountry "NED"]
[SourceTitle "EXT 2015"]
[Source "ChessBase"]
[SourceDate "2014.11.20"]
[SourceVersion "1"]
[SourceVersionDate "2014.11.20"]
[SourceQuality "1"]

1. e4 e6 2. d4 d5 3. e5 c5 4. c3 Nc6 5. Nf3 Qb6 6. Be2 Nh6 7. Na3 Bd7 8. Nc2 cxd4 9. cxd4 Rc8 10. Bxh6 gxh6 11. a3 Na5 12. b4 Nc4 13. Bxc4 Rxc4 14. Ne3 Rc7 15. Ng4 Bb5 16. Nf6+ Ke7 17. Rc1 Bg7 18. Rxc7+ Qxc7 19. Qd2 Rc8 20. Rg1 Qc4 21. Nh5 Bf8 22. Nf4 Qb3 23. Ne2 Rc2 24. Nc1 Qb1 0-1